000 00423nam a2200169Ia 4500
008 230524s9999 xx 000 0 und d
020 _a9789382332671
082 _a658.404
_bPAR
100 _aC.S. Parthasarathy
_942980
245 0 _aProject Management
250 _a1
260 _aNew Delhi
_bI.K.International
_c2014
300 _a"XVI,445p;"
500 _aQuantity Number: 1
650 _aManagement
942 _cBK
999 _c57931
_d57931